00718nam a2200169 a 450000100100000000500170001000800410002704000250006824500300009326000760012330000200019949000350021971000520025483000420030695201830034899900170053100004624820201002052733.0150710s2004 dr 000 0 spa d aDO-SdBNPbspacBNPHU00aSobre la investigación. aDurango, México :bEscuela Nacional del Partido del Trabajo,c[200?]. a32 p. ;c21 cm.1 aCuadernos de reflexión PTv612aEscuela Nacional del Partido del Trabajo974272 0aCuadernos de reflexión PTv6974273 0010718PDaPDbPDcHDd2015-07-10iLF1l0o p46248-10r2020-06-25w2020-06-25yLFPDzPerteneció a la biblioteca personal de Chiqui Vicioso / Fidelio Despradel.ZNo se presta c45737d45737